An introduction to cyber law (Record no. 16647)

MARC details
000 -LEADER
fixed length control field 00544nam a22001697a 4500
008 - FIXED-LENGTH DATA ELEMENTS--GENERAL INFORMATION
fixed length control field 180207b xxu||||| |||| 00| 0 eng d
020 ## - INTERNATIONAL STANDARD BOOK NUMBER
International Standard Book Number 9382676812
050 ## - LIBRARY OF CONGRESS CALL NUMBER
Classification number KNS80
Item number .M57 2014 c. 1
100 ## - MAIN ENTRY--PERSONAL NAME
Personal name Mishra, J.P.
245 ## - TITLE STATEMENT
Title An introduction to cyber law
Statement of responsibility, etc. by J.P. Mishra
260 ## - PUBLICATION, DISTRIBUTION, ETC. (IMPRINT)
Place of publication, distribution, etc. Allahabad
Name of publisher, distributor, etc. Central law publications
Date of publication, distribution, etc. 2014
300 ## - PHYSICAL DESCRIPTION
Extent xxxi, 419 p.
650 ## - SUBJECT ADDED ENTRY--TOPICAL TERM
Topical term or geographic name as entry element Computer networks
General subdivision Law and legislation
Geographic subdivision India
650 ## - SUBJECT ADDED ENTRY--TOPICAL TERM
Topical term or geographic name as entry element Internet
General subdivision Law and legislation
Geographic subdivision India
650 ## - SUBJECT ADDED ENTRY--TOPICAL TERM
Topical term or geographic name as entry element Computer crimes
Geographic subdivision India
942 ## - ADDED ENTRY ELEMENTS (KOHA)
Source of classification or shelving scheme Library of Congress Classification
Koha item type General Collection
Classification part KNS80
Holdings
Withdrawn status Lost status Source of classification or shelving scheme Not for loan Home library Current library Date acquired Total Checkouts Total Renewals Full call number Barcode Date last seen Date last checked out Copy number Price effective from Koha item type
    Library of Congress Classification   Kabarak, Nakuru City Campus Kabarak, Nakuru City Campus 07/02/2018 1 1 KNS80 .M57 2014 c. 1 027455 23/08/2022 26/08/2019 c. 1 07/02/2018 General Collection
Designed with assistance from East African Informatics Ltd